| 000 | 00957nam0a22002531 4500 | ||
|---|---|---|---|
| 001 | rc\2811932 | ||
| 005 | 20250806210743.0 | ||
| 035 | _a(NLR Aleph) 006937764 | ||
| 090 |
_a25275 _c25275 |
||
| 100 | _a20110915d1944 u y0rusy50 ca | ||
| 101 | 0 | _arus | |
| 102 | _aRU | ||
| 105 | _ay z ||||| | ||
| 200 | 1 |
_aОсновные принципы лечения острых отравлений _e9 лекций для врачей _fПроф. Н. В. Лазарев _gМед.-сан. упр. ВМФ. Воен.-морск. мед. акад. |
|
| 210 |
_aЛенинград _cВоен.-морск. мед. акад. _d1944 |
||
| 215 |
_a120 с. _d22 см. |
||
| 700 | 1 |
_aЛазарев _bН.В. _f1895-1974 _gНиколай Васильевич |
|
| 801 | 0 |
_aRU _bNLR _gpsbo |
|
| 801 | 1 |
_aRU _bELAR _2rusmarc |
|
| 852 |
_aNLR _jМд30 Г-5/50 |
||
| 942 | _cBOOK | ||
| 945 | _aРоссийская национальная библиотека | ||
| 980 | _aNB | ||
| 980 | _aBV | ||